Into the A, B, sea : (Record no. 451)

MARC details
000 -LEADER
fixed length control field 01054nam a22003137a 4500
005 - DATE AND TIME OF LATEST TRANSACTION
control field 20240105090741.0
020 ## - INTERNATIONAL STANDARD BOOK NUMBER
International Standard Book Number 0439096960 (hc)
020 ## - INTERNATIONAL STANDARD BOOK NUMBER
International Standard Book Number 0439096979
020 ## - INTERNATIONAL STANDARD BOOK NUMBER
International Standard Book Number 0439096979 (pb)
040 ## - CATALOGING SOURCE
Original cataloging agency DLC
Transcribing agency DLC
Modifying agency DLC
-- FISKH
050 00 - LIBRARY OF CONGRESS CALL NUMBER
Classification number QL122.2
Item number .R66 2000
082 00 - DEWEY DECIMAL CLASSIFICATION NUMBER
Classification number 591.77
Edition number 21
100 1# - MAIN ENTRY--PERSONAL NAME
Personal name Rose, Deborah Lee.
245 10 - TITLE STATEMENT
Title Into the A, B, sea :
Remainder of title an ocean alphabet /
Statement of responsibility, etc. by Deborah Lee Rose ; pictures by Steve Jenkins.
250 ## - EDITION STATEMENT
Edition statement 1st ed.
260 ## - PUBLICATION, DISTRIBUTION, ETC.
Place of publication, distribution, etc. New York :
Name of publisher, distributor, etc. Scholastic Press,
Date of publication, distribution, etc. 2000.
300 ## - PHYSICAL DESCRIPTION
Extent 20 leaves of plates :
Other physical details col. ill. ;
Dimensions 29 cm.
505 ## - FORMATTED CONTENTS NOTE
Formatted contents note F
520 ## - SUMMARY, ETC.
Summary, etc. An alphabet book featuring twenty-six animals found in the ocean and including endnotes giving additional details about each of these sea creatures.
521 ## - TARGET AUDIENCE NOTE
Target audience note 400 <br/>
Source Lexile AD
650 #0 - SUBJECT ADDED ENTRY--TOPICAL TERM
Topical term or geographic name entry element Marine animals
Form subdivision Juvenile literature.
650 #0 - SUBJECT ADDED ENTRY--TOPICAL TERM
Topical term or geographic name entry element Alphabet books.
650 #1 - SUBJECT ADDED ENTRY--TOPICAL TERM
Topical term or geographic name entry element Marine animals.
650 #1 - SUBJECT ADDED ENTRY--TOPICAL TERM
Topical term or geographic name entry element Alphabet.
700 1# - ADDED ENTRY--PERSONAL NAME
Personal name Jenkins, Steve,
Dates associated with a name 1952-
Relator term ill.
906 ## - LOCAL DATA ELEMENT F, LDF (RLIN)
a 7
b cbc
c orignew
d 1
e ocip
f 19
g y-gencatlg
942 ## - ADDED ENTRY ELEMENTS (KOHA)
Source of classification or shelving scheme Dewey Decimal Classification
Koha item type Books
Suppress in OPAC No
999 ## -
-- 451
-- 451
Holdings
Withdrawn status Lost status Source of classification or shelving scheme Damaged status Not for loan Collection Home library Current library Shelving location Date acquired Total Checkouts Full call number Barcode Date last seen Date last checked out Copy number Price effective from Koha item type
    Dewey Decimal Classification     Non-Fiction Footprints International School Library Network Toul Kork Campus Footprints International School Library Network Toul Kork Campus TK Primary Library Room(4th Floor), Bookcase 1&2, Shelves 1-16, Dark Blue Books 04/24/2023 8 ROS 591.77 QL122.R66 FISTK01963 10/16/2024 10/09/2024 1 04/24/2023 Books
    Dewey Decimal Classification     Non-Fiction Footprints International School Library Network Toul Kork Campus Footprints International School Library Network Toul Kork Campus TK Primary Library Room(4th Floor), Bookcase 1&2, Shelves 1-16, Dark Blue Books 04/24/2023 4 ROS 591.77 QL122.R66 FISBK01769 10/22/2025 10/08/2025 2 04/24/2023 Books